Online
Catalog

Si dejas de soñar, morirás / (Record no. 47114)

MARC details
000 -CABECERA
campo de control de longitud fija 00529nam a2200169 a 4500
001 - NÚMERO DE CONTROL
campo de control 000047626
005 - FECHA Y HORA DE LA ÚLTIMA TRANSACCIÓN
campo de control 20201002060638.0
008 - DATOS DE LONGITUD FIJA--INFORMACIÓN GENERAL
campo de control de longitud fija 130708s2017 dr 000 0 spa d
020 ## - NÚMERO INTERNACIONAL ESTÁNDAR DEL LIBRO
Número Internacional Estándar del Libro 9789945909906
040 ## - FUENTE DE LA CATALOGACIÓN
Centro catalogador/agencia de origen DO-SdBNP
Lengua de catalogación spa
Centro/agencia transcriptor BNPHU
082 ## - NÚMERO DE LA CLASIFICACIÓN DECIMAL DEWEY
Número de clasificación xxx
Número de documento/Ítem V712s
100 1# - ENTRADA PRINCIPAL--NOMBRE DE PERSONA
Nombre de persona Villa Rosa, David
9 (RLIN) 33535
245 10 - MENCIÓN DE TÍTULO
Título Si dejas de soñar, morirás /
Mención de responsabilidad, etc. David Villa Rosa.
260 ## - PUBLICACIÓN, DISTRIBUCIÓN, ETC.
Lugar de publicación, distribución, etc. Tenares, provincia Hermanas Mirabal, República Dominicana :
Nombre del editor, distribuidor, etc. Papelmaché,
Fecha de publicación, distribución, etc. 2017.
300 ## - DESCRIPCIÓN FÍSICA
Extensión 84 p. ;
Dimensiones 23 cm.
590 ## - NOTA LOCAL (RLIN)
Nota local Inventariado, 2018/ YL
Holdings
Estado de retiro Estado de pérdida No para préstamo Código de colección Localización permanente Ubicación/localización actual Ubicación en estantería Fecha de adquisición Número de inventario Total de préstamos Signatura topográfica completa Código de barras Fecha visto por última vez Número de copia Precio válido a partir de Tipo de ítem Koha
    Excluido de préstamo Dominicana de Servicio General General En catalogación 05.07.2018 LF1   xxx V712s 47626-30 25.06.2020 e. 3 25.06.2020 Libro y Folleto Colección Dominicana de Servicio
    Excluido de préstamo Patrimonio Dominicano Patrimonio Dominicano Patrimonio Dominicano En catalogación 05.07.2018 LF1   xxx V712s 47626-10 25.06.2020   25.06.2020 Libro y Folleto Colección Patrimonio Dominicano
    Excluido de préstamo Patrimonio Dominicano Patrimonio Dominicano Patrimonio Dominicano En catalogación 05.07.2018 LF1   xxx V712s 47626-20 25.06.2020 e. 2 25.06.2020 Libro y Folleto Colección Patrimonio Dominicano

Powered by Koha